00480nam a2200145Ia 4500008004100000041000800041082001600049100001800065245001900083260004900102300002900151365000900180999001500189952013000204240624s9999 xx 000 0 und d aeng a658.406 KOT aKOTLER JOHN P aLEADING CHANGE c1996aBostonbHarvard Businesss School Press ax, : 187 : p. : cm. ; 23 cb20 c8106d8106 00104070aIMTNbIMTNcRack 31-Ad2008-01-17eWBDg26.95n736o658.406 KOTp8106r2024-06-24 00:00:00t39.48w2024-06-24yBK